000 00695nam a2200289Ia 4500
005 20260324120446.0
008 008 260324s9999 xx 000 0 eng d
020 _a9780203786147
037 _aEBOOK
040 _aCRL
040 _beng
040 _cCRL
041 _2eng
041 _aeng
084 _qCRL
100 _aSteven Goldberg
_91158653
245 0 _aMathematical Elegance
245 3 _bAn Approachable Guide to Understanding Basic Concepts
260 _bTaylor and Francis
260 _c2015
365 _a
365 _b230
856 _uhttp://www.taylorfrancis.com/books/9780203786147
942 _cEBOOK
999 _c1750197
_d1750197